000 00548nam a2200193 a 4500
001 1766566526962
003 YourLibrary
005 20251226115018.0
008 251224s1968##################000#0#eng##
020 _a9780521313841
082 0 4 _a270.2092
_bCOL
100 1 _aWhitby, Anonymous monk of,
_eauthor.
245 1 0 _aThe Earliest Life of Gregory the Great :
260 _bCambridge University Press,
_c1968.
300 _a200 pages
650 0 _aBiography & Autobiography.
942 _cENGLISH
040 _aYourLibrary
_beng
_cYourLibrary
999 _c604609
_d604609